La justicia penal juvenil en Iberoamérica (Registro nro. 171489)

Detalles MARC
000 -LEADER
fixed length control field 02377nam a22002657a 4500
007 - PHYSICAL DESCRIPTION FIXED FIELD--GENERAL INFORMATION
fixed length control field cr|||| ||||
008 - FIXED-LENGTH DATA ELEMENTS--GENERAL INFORMATION
fixed length control field 220502s2020 ea |||||s|||| 00||0 spa d
020 ## - INTERNATIONAL STANDARD BOOK NUMBER
International Standard Book Number 978-84-122527-5-0
035 ## -
-- 35593
040 ## - CATALOGING SOURCE
Original cataloging agency vLex
090 ## -
-- 13253
-- 13253
100 1# - MAIN ENTRY--PERSONAL NAME
Personal name Montero Hernanz, Tomás
245 12 - TITLE STATEMENT
Title La justicia penal juvenil en Iberoamérica
Medium [Recurso electrónico] :
Remainder of title Libro homenaje a D. Elías Carranza /
Statement of responsibility, etc Tomás Montero Hernanz
256 ## -
-- Servicio en línea
260 ## - PUBLICATION, DISTRIBUTION, ETC. (IMPRINT)
Place of publication, distribution, etc Barcelona:
Name of publisher, distributor, etc J.M. Bosch Editor,
Date of publication, distribution, etc 2020
300 ## - PHYSICAL DESCRIPTION
Extent 1 recurso electrónico
500 ## - GENERAL NOTE
General note Aunque pudiera pensarse que entrados en el siglo XXI los derechos de la infancia están plenamente afianzados a nivel mundial, su reconocimiento es algo relativamente reciente y aún no asentado. En la formación y evolución de los sistemas nacionales de justicia juvenil han jugado un papel determinante los instrumentos internacionales, en particular la Convención sobre los Derechos del Niño de 1989. En el marco de Iberoamérica, los 22 países que conforman la Conferencia de Ministros de Justicia de Países Iberoamericanos (COMJIB) procedieron a su rápida ratificación y, salvo Argentina y Cuba, todos se han dotado de un marco normativo en materia de justicia juvenil post Convención. Pero esa aceptación jurídica de la Convención, ratificada por todos e incluso incorporada a sus constituciones de forma expresa por muchos, no siempre se corresponde con una aceptación material, una recepción real, en cuanto no es aplicada, y prueba de ello son los informes periódicos del Comité de Derechos del Niño, donde ningún país sale indemne. En esta obra se analizan, desde diversas ópticas, algunos aspectos generales de la justicia juvenil en Iberoamérica, así como aspectos concretos de 10 países de la región, a través de expertos referentes en la materia
506 1# - RESTRICTIONS ON ACCESS NOTE
Terms governing access Disponible solo en los productos indicados
Authorized users vLex Global
-- vLex Global (Academic Edition, excluding Law Schools)
-- vLex Global (U.S. Academic Edition, Law Schools)
-- vLex Global (U.S. Academic Edition, excluding Law Schools)
-- vLex Global (Academic Edition, Law Schools)
650 04 - SUBJECT ADDED ENTRY--TOPICAL TERM
Topical term or geographic name as entry element Derecho Penal
Geographic subdivision España
650 04 - SUBJECT ADDED ENTRY--TOPICAL TERM
Topical term or geographic name as entry element Derecho Internacional
Geographic subdivision España
740 0# -
-- vLex Libros (Servicio en línea)
856 40 - LOCALIZACIÓN Y ACCESO ELECTRÓNICO
Identificador Uniforme del Recurso (URI/URL) https://app.vlex.com/#/sources/35593
942 ## -
-- RAA
999 ## -
-- 171489
-- 171489

No hay ítems disponibles.


CONTACTO


NOSOTROS


SITIOS DE INTERES

coordinacion.biblioteca.biblioteca@unienlinea.mx Misión, Visión y Objetivos Bases de datos
Directorio Bibliotecas Digitales y Repositorios
Normatividad Revistas y artículos
Convenios interbibliotecarios
Boletines



Hecho en México. Universidad Insurgentes (UIN). Todos los derechos reservados 2024. Esta página y sus contenidos pueden ser reproducidos con fines no lucrativos, siempre y cuando no se mutile, se cite la fuente completa y su dirección electrónicas. De otra forma requiere permiso previo por escrito de la institución




2024 Copyright Universidad Insurgentes | www.bibliouin.com.mx